[Event "Mittelfranken-chTB1 1314"]
[Site "Mittelfranken"]
[Date "2014.03.09"]
[Round "7.8"]
[White "Ceglar, Michael"]
[Black "Wellmann, Franz Georg"]
[Result "0-1"]
[WhiteElo "1784"]
[BlackElo "1770"]
[PlyCount "70"]
[EventDate "2013.10.20"]
[EventType "team-tourn"]
[EventRounds "9"]
[EventCountry "GER"]
[SourceTitle "EXT 2020"]
[Source "ChessBase"]
[SourceDate "2019.10.17"]
[SourceVersion "1"]
[SourceVersionDate "2019.10.17"]
[SourceQuality "1"]
[WhiteTeam "Postbauer Heng"]
[BlackTeam "Herzogenaurach"]
[WhiteTeamCountry "GER"]
[BlackTeamCountry "GER"]

1. e4 Nc6 2. d4 e5 3. d5 Nce7 4. Nc3 Ng6 5. Nf3 Bc5 6. Be2 d6 7. h4 h6 8. h5 N6e7 9. Na4 c6 10. Nxc5 Qa5+ 11. c3 Qxc5 12. Be3 Qa5 13. dxc6 Qc7 14. cxb7 Bxb7 15. Bb5+ Bc6 16. Bxc6+ Qxc6 17. Qd3 f5 18. Qc2 f4 19. Bc1 Nf6 20. Nd2 Rc8 21. f3 0-0 22. Nf1 Qe8 23. g4 Nh7 24. Qd3 Ng5 25. c4 Nc6 26. Nd2 Nd4 27. b3 d5 28. 0-0 dxc4 29. bxc4 Rd8 30. Qb1 Rf6 31. Kg2 Rb6 32. Nb3 Qd7 33. Ba3 Ndxf3 34. Kf2 Rxb3 35. Qc2 Qd2+ 0-1

[Event "Mittelfranken-chTB2b 1213"]
[Site "Germany"]
[Date "2013.01.27"]
[Round "1.8"]
[White "Angel, Michael"]
[Black "Wellmann, Franz Georg"]
[Result "1/2-1/2"]
[WhiteElo "1236"]
[BlackElo "1829"]
[PlyCount "63"]
[EventDate "2012.10.07"]
[EventType "team-tourn"]
[EventRounds "9"]
[EventCountry "GER"]
[SourceTitle "EXT 2019"]
[Source "ChessBase"]
[SourceDate "2018.10.10"]
[SourceVersion "1"]
[SourceVersionDate "2018.10.10"]
[SourceQuality "1"]
[WhiteTeam "Gunzenhausen/Weissenburg II"]
[BlackTeam "Herzogenaurach"]
[WhiteTeamCountry "GER"]
[BlackTeamCountry "GER"]

1. d4 g6 2. c4 Bg7 3. Nc3 c5 4. d5 d6 5. e4 e6 6. Bd3 Bxc3+ 7. bxc3 e5 8. Ne2 Qh4 9. Ng3 Nf6 10. Rb1 b6 11. a4 Bg4 12. Be2 Bd7 13. Bd3 0-0 14. Ra1 Na6 15. Qd2 Kg7 16. Qg5 Qxg5 17. Bxg5 h6 18. Bd2 Nc7 19. 0-0 a6 20. f4 h5 21. f5 b5 22. axb5 axb5 23. fxg6 fxg6 24. cxb5 Rxa1 25. Rxa1 Bxb5 26. c4 Bd7 27. h4 Ra8 28. Rxa8 Nxa8 29. Bg5 Nb6 30. Nf1 Bc8 31. Nd2 Kf7 32. g3 1/2-1/2

[Event "Mittelfranken-chTB2a 0910"]
[Site "Mittelfranken"]
[Date "2009.10.25"]
[Round "2.4"]
[White "Wellmann, Franz Georg"]
[Black "Werner, Thomas1111"]
[Result "0-1"]
[WhiteElo "1869"]
[BlackElo "1852"]
[PlyCount "56"]
[EventDate "2009.10.11"]
[EventType "team-tourn"]
[EventRounds "9"]
[EventCountry "GER"]
[SourceTitle "EXT 2011"]
[Source "ChessBase"]
[SourceDate "2010.11.26"]
[SourceVersion "1"]
[SourceVersionDate "2010.11.26"]
[SourceQuality "1"]
[WhiteTeam "Herzogenaurach"]
[BlackTeam "Nuernberg Sued SW III"]
[WhiteTeamCountry "GER"]
[BlackTeamCountry "GER"]

1. e4 c6 2. Nc3 d5 3. Nf3 Bg4 4. h3 Bxf3 5. Qxf3 Nf6 6. exd5 cxd5 7. Bb5+ Nc6 8. d3 e6 9. 0-0 Be7 10. Ne2 0-0 11. Bxc6 bxc6 12. c4 Rb8 13. b3 a5 14. Bf4 Rb7 15. Nd4 Qd7 16. Rac1 a4 17. Be5 axb3 18. axb3 Rc8 19. Ra1 Ne8 20. Ra6 f6 21. cxd5 cxd5 22. Rxe6 fxe5 23. Rxe5 Nf6 24. Rfe1 Bb4 25. Rb1 Bc3 26. Qf4 Rb4 27. Qf5 Bxd4 28. Rxd5 Qxf5 0-1

[Event "Mittelfrankenliga-B2a 0607"]
[Site "Mittelfranken"]
[Date "2007.03.11"]
[Round "7.5"]
[White "Wellmann, Franz Georg"]
[Black "Churt, Kerstin"]
[Result "1-0"]
[WhiteElo "1875"]
[BlackElo "1741"]
[PlyCount "75"]
[EventDate "2006.10.22"]
[EventType "team-tourn"]
[EventRounds "9"]
[EventCountry "GER"]
[SourceTitle "EXT 2011"]
[Source "ChessBase"]
[SourceDate "2010.11.26"]
[SourceVersion "1"]
[SourceVersionDate "2010.11.26"]
[SourceQuality "1"]
[WhiteTeam "Herzogenaurach"]
[BlackTeam "Altensittenbach II"]
[WhiteTeamCountry "GER"]
[BlackTeamCountry "GER"]

1. e4 c5 2. Nf3 Nc6 3. d4 cxd4 4. Nxd4 a6 5. c4 d6 6. Nc3 e5 7. Nc2 Nf6 8. Bg5 Be7 9. Bxf6 gxf6 10. b4 f5 11. Bd3 fxe4 12. Bxe4 Be6 13. Bd5 Qd7 14. Na4 Bd8 15. c5 dxc5 16. Bxe6 Qxe6 17. Nxc5 Qe7 18. Qg4 b6 19. Nd3 f6 20. 0-0 Ra7 21. f4 Qd7 22. Qh5+ Kf8 23. Nxe5 fxe5 24. fxe5+ Kg7 25. Ne3 Qd4 26. Rae1 Rf8 27. Rxf8 Kxf8 28. Qh6+ Kg8 29. Qxc6 Qxe5 30. Nc2 Qg5 31. Re3 Rc7 32. Qe8+ Kg7 33. Rg3 Rxc2 34. Qe5+ Kf7 35. Rxg5 Rc1+ 36. Kf2 Rc2+ 37. Kf3 Bxg5 38. Qf5+ 1-0

[Event "Mittelfrankenliga-B2a 0607"]
[Site "Mittelfranken"]
[Date "2006.10.22"]
[Round "1.6"]
[White "Wellmann, Franz Georg"]
[Black "Staehle, Philipp"]
[Result "1-0"]
[WhiteElo "1875"]
[BlackElo "1760"]
[PlyCount "59"]
[EventDate "2006.10.22"]
[EventType "team-tourn"]
[EventRounds "9"]
[EventCountry "GER"]
[SourceTitle "EXT 2011"]
[Source "ChessBase"]
[SourceDate "2010.11.26"]
[SourceVersion "1"]
[SourceVersionDate "2010.11.26"]
[SourceQuality "1"]
[WhiteTeam "Herzogenaurach"]
[BlackTeam "Erlangen SC II"]
[WhiteTeamCountry "GER"]
[BlackTeamCountry "GER"]

1. e4 e5 2. Nf3 Nc6 3. d4 exd4 4. Nxd4 Qf6 5. Be3 Bc5 6. c3 a6 7. Bc4 d6 8. f4 Bd7 9. 0-0 0-0-0 10. Qd3 Nb8 11. b4 Ba7 12. b5 a5 13. Na3 Qe7 14. Kh1 d5 15. b6 Bxb6 16. Bxd5 Qxa3 17. Nc2 Qe7 18. Bxb6 cxb6 19. Ne3 Nf6 20. Nc4 Kc7 21. Qd4 Nxd5 22. exd5 Qf6 23. d6+ Kc6 24. Ne5+ Qxe5 25. fxe5 Be6 26. Qa4+ b5 27. Qxa5 Nd7 28. a4 Nxe5 29. Rad1 Rxd6 30. Qxb5+ 1-0

[Event "Mittelfrankenliga-B1 0506"]
[Site "Germany"]
[Date "2006.03.19"]
[Round "7.5"]
[White "Seyb, Alexander"]
[Black "Wellmann, Franz Georg"]
[Result "1/2-1/2"]
[WhiteElo "2094"]
[BlackElo "1863"]
[PlyCount "103"]
[EventDate "2005.10.16"]
[EventType "team"]
[EventRounds "9"]
[EventCountry "GER"]
[SourceTitle "EXT 2007"]
[Source "ChessBase"]
[SourceDate "2006.11.23"]
[SourceVersion "1"]
[SourceVersionDate "2006.11.23"]
[SourceQuality "1"]

1. e4 c5 2. Nf3 d6 3. d4 cxd4 4. Nxd4 Nf6 5. Nc3 a6 6. Be3 e5 7. Nb3 Be6 8. f3 Be7 9. Qd2 0-0 10. 0-0-0 Nbd7 11. g4 b5 12. g5 b4 13. Ne2 Ne8 14. f4 a5 15. f5 a4 16. fxe6 axb3 17. Kb1 fxe6 18. Bh3 bxa2+ 19. Ka1 Nc5 20. Ng3 Nc7 21. Qe2 Qe8 22. Qc4 Qb5 23. Qxb5 Nxb5 24. Bxc5 dxc5 25. Bxe6+ Kh8 26. Bd5 Nd4 27. Bxa8 Rxa8 28. Rxd4 exd4 29. h4 Bd6 30. Nf5 Be5 31. Ne7 g6 32. h5 Kg7 33. hxg6 hxg6 34. Rh6 Ra6 35. Nf5+ gxf5 36. Rxa6 fxe4 37. Re6 b3 38. cxb3 d3 39. Rxe5 d2 40. Rd5 e3 41. Kxa2 e2 42. Rd7+ Kf8 43. Rxd2 e1Q 44. Rc2 Qg1 45. Rc4 Qxg5 46. Kb1 Ke7 47. Rc3 Kd6 48. Ka2 Qg8 49. Kb1 Qb8 50. Ka2 Kc6 51. Rc4 Kb5 52. Ra4 1/2-1/2

[Event "Mittelfranken-ch Nord HT"]
[Site "Roethenbach"]
[Date "1996.??.??"]
[Round "1"]
[White "Wellmann, Franz Georg"]
[Black "Feist, Reiner"]
[Result "0-1"]
[WhiteElo "1840"]
[BlackElo "1970"]
[PlyCount "52"]
[EventDate "1996.??.??"]
[EventType "swiss"]
[EventRounds "7"]
[EventCountry "GER"]
[SourceTitle "EXT 2004"]
[Source "ChessBase"]
[SourceDate "2003.11.25"]
[SourceVersion "1"]
[SourceVersionDate "2003.11.25"]
[SourceQuality "1"]

1. e4 e5 2. Nf3 Nc6 3. Bb5 a6 4. Ba4 Nf6 5. 0-0 Be7 6. Re1 b5 7. Bb3 0-0 8. c3 d5 9. exd5 Nxd5 10. Nxe5 Nxe5 11. Rxe5 c6 12. d4 Bd6 13. f4 Bxe5 14. fxe5 Be6 15. Qh5 g6 16. Qh6 f6 17. Nd2 fxe5 18. dxe5 Qb6+ 19. Kh1 Qf2 20. h3 Rae8 21. Nf3 Rxf3 22. gxf3 Qxf3+ 23. Kh2 Qf2+ 24. Kh1 Qf1+ 25. Kh2 Rf8 26. Qxf8+ Qxf8 0-1